NLSUI OPAC header image

Analysing the impact of development control regulations on industrial building in Kerala / (Record no. 213917)

MARC details
000 -LEADER
fixed length control field 00534nam a2200169Ia 4500
003 - CONTROL NUMBER IDENTIFIER
control field OSt
005 - DATE AND TIME OF LATEST TRANSACTION
control field 20260116114146.0
008 - FIXED-LENGTH DATA ELEMENTS--GENERAL INFORMATION
fixed length control field 251013s9999||||xx |||||||||||||| ||und||
040 ## - CATALOGING SOURCE
Transcribing agency 0
100 ## - MAIN ENTRY--PERSONAL NAME
Personal name M S, Sathyajith
245 #0 - TITLE STATEMENT
Title Analysing the impact of development control regulations on industrial building in Kerala /
Remainder of title Sathyajith M S
260 ## - PUBLICATION, DISTRIBUTION, ETC.
Place of publication, distribution, etc. Bangalore :
Name of publisher, distributor, etc. NLSIU,
Date of publication, distribution, etc. 2023.
300 ## - PHYSICAL DESCRIPTION
Extent 69 p. :
Dimensions 24 cm.
700 ## - ADDED ENTRY--PERSONAL NAME
Personal name Dr. Srijoni Sen - Supervisor
856 ## - ELECTRONIC LOCATION AND ACCESS
Uniform Resource Identifier <a href="https://dans.nls.ac.in/handle/123456789/1288">https://dans.nls.ac.in/handle/123456789/1288</a>
942 ## - ADDED ENTRY ELEMENTS (KOHA)
Koha item type Dissertation
Source of classification or shelving scheme Dewey Decimal Classification
Holdings
Withdrawn status Lost status Damaged status Not for loan Home library Current library Date acquired Total Checkouts Barcode Date last seen Price effective from Koha item type
        . . 13.10.2025   MPP338 13.10.2025 13.10.2025 Dissertation